| 000 | 00873nam a2200325Ia 4500 | ||
|---|---|---|---|
| 008 | 170203s9999 xx 000 0 und d | ||
| 020 | _a0-590623516 | ||
| 050 | _aFic | ||
| 050 | _bO81k | ||
| 100 | _aOsborne, Mary Pope. | ||
| 245 | 4 | _aThe knight at the dawn / | |
| 245 | _cby Mary Pope Osborne ; illustrated by Sal Murdocca. | ||
| 260 | _aNew York : | ||
| 260 | _bScholastic, Inc., | ||
| 260 | _c1993 | ||
| 300 | _a65 pages : | ||
| 300 | _billustrations ; | ||
| 300 | _c19 cm. | ||
| 500 | _a"A First Stepping Stone book." | ||
| 650 | _aKnights and knighthood -- | ||
| 650 | _aMagic -- | ||
| 650 | _aMiddle Ages -- | ||
| 650 | _aTime travel -- | ||
| 650 | _aTree houses -- | ||
| 650 | _x Juvenile fiction. | ||
| 650 | _xJuvenile fiction. | ||
| 650 | _xJuvenile fiction. | ||
| 650 | _xJuvenile fiction. | ||
| 650 | _xJuvenile fiction. | ||
| 999 |
_c306297 _d306297 |
||